Statistics for All 214 Traditional Chinese Radicals in Pinyin, Part One: 1-117

Click here to take the quiz!

General Stats

  • This quiz has been taken 386 times
    (383 since last reset)
  • The average score is 50 of 117

Answer Stats

HintAnswer% Correct
yi1
97%
十 | 石shi2
79%
er2
78%
人 (亻)ren2
76%
er4
75%
八 (丷)ba1
72%
kou3
71%
zi3
71%
xiao3
70%
da4
69%
山 | 彡shan1
68%
士 | 氏 | 示 (礻)shi4
68%
力 | 立li4
67%
nü3
67%
水 (氵)shui3
67%
yue4
67%
心 (忄)xin1
66%
ri4
65%
bai2
63%
工 | 弓gong1
63%
qi4
63%
shi1
63%
火 (灬)huo3
62%
木 | 目mu4
60%
丿 (乀 , 乁)pie3 (fu2; yi2)
60%
手 (扌)shou3
59%
sheng1
57%
wen2
57%
匕 | 比bi3
56%
ji1
56%
ji3
56%
刀 (刂)dao1
55%
毛 | 矛mao2
55%
shi3
55%
yong4
55%
fu4
52%
tian2
52%
tu3
52%
you4
52%
ru4
51%
乙 (乚)yi4 (yin3)
51%
牛 (牜)niu2
50%
wu2
49%
yi4
49%
匚 | 方fang1
48%
玉 (王)yu4
47%
干 | 甘gan1
46%
gua1
45%
mu2
45%
巾 | 斤jin1
44%
pian4
44%
ya2
44%
zhi1
42%
川 (巛, *巜)chuan1 (*gui4)
40%
yue1
40%
夂 | 止zhi3
39%
pi2
37%
cun4
35%
dou3
34%
hu4
34%
尢 (尣)wang1
33%
si1
32%
xi3
32%
xi4
31%
彐 (彑)ji4
30%
qian4
30%
xue4
30%
bu3
27%
he2
25%
犬 (犭)quan3
25%
wa3
25%
bing1
24%
shu1
24%
dai3
23%
gong3
23%
wei2
22%
chi4
21%
ge1
21%
xuan2
20%
zhu3
18%
mi4
17%
tou2
17%
yao1
17%
爪 (爫)zhao3
16%
bao1
15%
pi3
15%
bo4
14%
gun3
14%
min3
14%
han4
13%
广yan3
13%
攴 (攵)pu1
11%
yin3
11%
qu3
10%
sui1
10%
che4
9%
jie2
9%
mian2
9%
yao2
9%
jue2
8%
chuang2
7%
jiong3
7%
爿 (丬)pan2; qiang2
7%
rou3
7%

Score Distribution

Percentile by Number Answered

Percent of People with Each Score

Your Score History

You have not taken this quiz since the last reset